Problemática de la identidad en el discurso narrativo latinoamericano. La reescritura de la historia en la nueva narrativa latinoamericana
Salvato in:
| Autore principale: | |
|---|---|
| Natura: | Sconosciuto |
| Lingua: | Spanish |
| Pubblicazione: |
San José, Costa Rica
Guayacán Centroamericana
c1995
|
| Serie: | Centro de Investigación en Identidad y Cultura Latinoamericanas. Conferencias
8 |
| Soggetti: | |
| Tags: |
Aggiungi Tag
Nessun Tag, puoi essere il primo ad aggiungerne!!
|
MARC
| LEADER | 000000000a22000000004500 | ||
|---|---|---|---|
| 001 | 000004 | ||
| 008 | 140516s1995 cr |||f ||||a100 0 spa d | ||
| 041 | 0 | |a español | |
| 082 | |a A863.09 A292p | ||
| 100 | 1 | |a Ainsa Amigues, Fernando |d 1937- | |
| 245 | 1 | 0 | |a Problemática de la identidad en el discurso narrativo latinoamericano. La reescritura de la historia en la nueva narrativa latinoamericana |c Fernando Ainsa Amigues |
| 246 | 3 | 3 | |a La reescritura de la historia en la nueva narrativa latinoamericana |
| 260 | |a San José, Costa Rica |b Guayacán Centroamericana |c c1995 | ||
| 300 | |a 40 páginas | ||
| 490 | 0 | |a Centro de Investigación en Identidad y Cultura Latinoamericanas. Conferencias |v 8 | |
| 500 | |a número de inscripción 02628 , 132206, 13205 | ||
| 650 | 4 | |a LITERATURA LATINOAMERICANA |9 68 | |
| 650 | 4 | |a IDENTIDAD EN LA LITERATURA | |
| 650 | 4 | |a IDENTIDAD CULTURAL | |
| 650 | 4 | |a ACULTURACION | |
| 942 | |2 ddc |c BK | ||
| 999 | |c 955 |d 955 | ||
